000
00217nam a22000857a 4500
008
170614b xxu||||| |||| 00| 0 eng d
100
_a
Prakash. S
_9
3314
245
_a
Social science class -X
260
_a
New delhi
_b
A. B
_c
2010
999
_c
6790
_d
6790